000 00906nas a2200265 4500
001 BR8500368
003 BR-BrBNA
005 20231205090104.0
007 ta
008 230509b bl.|||p| |||| 00| 00por d
040 _aBR-BrBNA
_bpor
_cBiblioteca Nacional de Agricultura
041 _a(Pt)
072 _aH20
100 1 _aRodrigues Neto, J.
100 1 _aMalavolta Junior, V.A.
100 1 _aHamahiga, I.
245 1 _aSintomas atipicos em tuberculos de batata infectados por Pseudomonas solanacearum (Smith)Smith [Solanum tuberosum]
246 1 _aAtypical symptoms on potato tubers infected by Pseudomonas solanacearum (Smith)Smith [Solanum tuberosum]
650 _aBATATA
650 _aMURCHA BACTERIANA
650 _aSINTOMA
773 0 _tBiologico (Brazil)
_xISSN 0366-0567
_g(Apr 1984), v. 50(4) p. 93-95
_wBR8500368
909 _a202311
_bLúcia
_c55
_dLúcia Elande
942 _2AGRIS
_n0
_cANA
999 _c116070
_d116070